Biên phiên dịch nâng cao

Guardado en:
Detalles Bibliográficos
Formato: Libro
Etiquetas: Agregar Etiqueta
Sin Etiquetas, Sea el primero en etiquetar este registro!
Thư viện lưu trữ: Mạng thư viện Đại học Đà Nẵng
LEADER 00394nam a22001571a 4500
001 000035947
003 12239
005 20160321134605.0
008 160321s0 000
245 |a Biên phiên dịch nâng cao  |c Tự biên soạn 
OWN |a LNN 
999 |a From the UDN01 
TYP |a Monograph 
980 |a Mạng thư viện Đại học Đà Nẵng